Chanson française par premiers mots #3 - Statistiques

Statistiques générales
  • Ce quiz a été pris 13 288 fois
  • Le résultat moyen est 6 sur 20
Statistiques - réponses
Paroles Titre % Correct
J'me présente, je m'appelle Henri... Le Chanteur
82%
Ils parlent tous comme des animaux... Balance ton quoi
70%
Ne dites pas que ce garçon était fou... Il jouait du piano debout
67%
Où sont les filles, les femmes, au tempérament de guerrières... Cosmo
62%
Vers les docks, où le poids et l'ennui me courbent le dos... Emmenez-moi
60%
Non, ce n'était pas le radeau de la Méduse ce bateau... Les Copains d'abord
59%
T'as voulu voir Vierzon et on a vu Vierzon... Vesoul
49%
Je me fous, fous de vous... Confidence pour confidence
42%
C'était un cordonnier, sans rien de particulier... Il changeait la vie
39%
On ne choisit ni son origine, ni sa couleur de peau... Face à la mer
22%
Ils s'embrassent au mois de janvier car une nouvelle année commence... Hexagone
18%
Tant de fois j'ai tenté d'aller toucher les étoiles... Seul
18%
J'reste, avec mes souvenirs, ces morceaux de passé... Tu ne m'as pas laissé le temps
13%
Vous qui cherchez l'étoile... Ne partez pas sans moi
11%
Bon, c'est l'heure où les souvenirs se ramènent... Mise au point
7%
Sur les coteaux en pente, les vallons amoureux... Millésime
6%
Ah, des gouttes salées ont déchiré... Toute première fois
6%
Bulle de chagrin, boule d'incertitude... Ainsi soit je
5%
Tape sur nos systèmes, l'envie que tout le monde s'aime... Le Soleil donne
5%
Il se lève, c'est l'heure, écrase son mégot... Idées noires
4%
Aucun quiz correspondant
Distribution des résultats
% des personnes avec chaque résultat
Percentile par nombre de réponses
Votre historique - résultats
Vous n’avez pas pris ce quiz